000 00316 a2200109 4500
001 ART_11801
005 20260410161900.0
008 260409a
245 1 0 _aOptimal tax perturbations
100 1 _aDiewert, W. E.
773 0 _tJournal of public economics
_g- Vol. 10, NÂș 2 (oct. 1978)
_wREV11485
999 _c25847
_d25847